Boulevard of broken dreams why public efforts to boost entrepreneurship and venture capital have failed and what to do about it /

Bibliographic Details
Main Author: Lerner, Joshua.
Corporate Author: ProQuest (Firm)
Format: Electronic eBook
Language:English
Published: Princeton : Princeton University Press, c2009.
Series:Kauffman Foundation series on innovation and entrepreneurship.
Subjects:
Online Access:Click to View
LEADER 01546nam a2200373Ia 4500
001 EBC483563
003 MiAaPQ
005 20200520144314.0
006 m o d |
007 cr cn|||||||||
008 090625s2009 njua sb 001 0 eng d
010 |z  2009025392 
020 |z 9780691142197 (hbk. : alk. paper) 
035 |a (MiAaPQ)EBC483563 
035 |a (Au-PeEL)EBL483563 
035 |a (CaPaEBR)ebr10359247 
035 |a (CaONFJC)MIL293586 
035 |a (OCoLC)640419407 
040 |a MiAaPQ  |c MiAaPQ  |d MiAaPQ 
050 4 |a HB615  |b .L457 2009 
100 1 |a Lerner, Joshua. 
245 1 0 |a Boulevard of broken dreams  |h [electronic resource] :  |b why public efforts to boost entrepreneurship and venture capital have failed and what to do about it /  |c Josh Lerner. 
260 |a Princeton :  |b Princeton University Press,  |c c2009. 
300 |a ix, 229 p. :  |b ill. 
490 1 |a The Kauffman Foundation series on innovation and entrepreneurship 
504 |a Includes bibliographical references and index. 
533 |a Electronic reproduction. Ann Arbor, MI : ProQuest, 2015. Available via World Wide Web. Access may be limited to ProQuest affiliated libraries. 
650 0 |a Entrepreneurship  |x Government policy. 
650 0 |a Venture capital  |x Government policy. 
650 0 |a Industrial policy. 
655 4 |a Electronic books. 
710 2 |a ProQuest (Firm) 
830 0 |a Kauffman Foundation series on innovation and entrepreneurship. 
856 4 0 |u https://ebookcentral.proquest.com/lib/matrademy/detail.action?docID=483563  |z Click to View